Techniques de la description statistique: méthodes et logiciels pour l'analyse des grands tableaux (Record no. 33435)

MARC details
000 -LEADER
fixed length control field 00681 a2200277 4500
037 ## - SOURCE OF ACQUISITION
Stock number S3585
037 ## - SOURCE OF ACQUISITION
Stock number S3586
037 ## - SOURCE OF ACQUISITION
Stock number S3587
020 ## - NUMERO INTERNATIONAL NORMALISE DES LIVRES
International Standard Book Number 2-04-010090-3
100 ## - VEDETTE PRINCIPALE - NOM DE PERSONNE
Personal name Lebart, Ludovic
100 ## - VEDETTE PRINCIPALE - NOM DE PERSONNE
Language of a work Fr
260 ## - PUBLICATION, DISTRIBUTION, ETC. (IMPRINT)
Place of publication, distribution, etc Paris
260 ## - PUBLICATION, DISTRIBUTION, ETC. (IMPRINT)
Name of publisher, distributor, etc Dunod
245 ## - TITLE STATEMENT
Title Techniques de la description statistique: méthodes et logiciels pour l'analyse des grands tableaux
260 ## - PUBLICATION, DISTRIBUTION, ETC. (IMPRINT)
Date of publication, distribution, etc 1982
250 ## - EDITION STATEMENT
Edition statement Nouv. Tirage
300 ## - PHYSICAL DESCRIPTION
Extent 351p.
300 ## - PHYSICAL DESCRIPTION
Other physical details 25cm
630 ## - SUBJECT ADDED ENTRY--UNIFORM TITLE
Uniform title 31 - Statistique. Demographie. Sociologie
650 ## - SUBJECT ADDED ENTRY--TOPICAL TERM
Topical term or geographic name as entry element 3 - SCIENCES SOCIALES
650 ## - SUBJECT ADDED ENTRY--TOPICAL TERM
Topical term or geographic name as entry element Tableaux statistiques
700 ## - ADDED ENTRY--PERSONAL NAME
Personal name Morineau, A.
700 ## - ADDED ENTRY--PERSONAL NAME
Personal name Tabart, N.
Holdings
Withdrawn status Lost status Damaged status Not for loan Location (home branch) Sublocation or collection (holding branch) Date acquired Koha issues (times borrowed) Koha full call number Koha date last seen Price effective from Koha item type
        Bibliothèque Universitaire Centrale Bibliothèque Universitaire Centrale 28/02/2009   519.241 LEB 28/02/2009 28/02/2009 Livre


© 2008, Bibliothèques de l'Université d'Abomey-Calavi

04 BP 789 Cotonou, Tél. : +229 21 36 01 01, Fax : +229 21 35 06 32

Courriel : bu@bu.uac.bj